Przypadkowe rzeczy - Emoji - Statystyki

Ogólne statystyki
  • Ten quiz został rozwiązany 7 686 razy
  • Średni wynik to 7 z 19
Statystyki odpowiedzi
Emoji Wskazówka Odpowiedź % Poprawnych
wydarzenie Mistrzostwa świata w piłce nożnej
80%
gra komputerowa Super Mario Bros.
77%
gra planszowa Monopoly
73%
Rzymski bóg Kupidyn
60%
korporacja Apple
58%
gra komputerowa Pac-Man
47%
pojęcie Globalne ocieplenie
41%
bóg Thor
40%
bohater Herakles
39%
zespół rockowy Guns N' Roses
38%
zespół rockowy Red Hot Chili Peppers
37%
postać Miś Paddington
32%
zespół rockowy Coldplay
23%
wojna Wojna o Falklandy-Malwiny
18%
wyrażenie Pokój na świecie
17%
wydarzenie historyczne Wielki głód w Irlandii
14%
Prezydent U.S. Bill Clinton
11%
religia Shinto
9%
kasyno Las Vegas Circus Circus
2%
Nie znaleziono quizów pasujących do podanych kryteriów
Rozkład punktacji
Procent ludzi z każdym wynikiem
Percentyl według liczby udzielonych odpowiedzi
Twoja historia wyników
Nie rozwiązałeś tego quizu